00504nam a2200181 a 4500001001300000003000900013005001700022008004100039020001000080082001600090245003400106260005900140300000900199500003500208505002400243650002400267710003100291nice12345678IN_TiNIC20260116011921.0050524s1979 naga grp 000 0 eng  ac10000a261.72bNCC aFreedom of Religion in India. aNagpurbNational Christian Council & Christian Mc1979 a102p aincludes index and biblioraphy2 aBibliography, Index aFreedom of Religion2 aNational Christian Council